000 01137cab a2200205 4500
001 L129453
008 050420n2005 000 0 eng u
035 _a(Sirsi) u129453
041 _aeng
100 _aBoden, Paul
245 _aAddress green issues now or get caught in 2006
260 _c2005
490 _aProperty Week
_v70(14) 8 April 2005, 69(1)
520 _aExamines the proposed changes to the Building Regulations 2000 Approved Documents L1 and L2 (2002 edition). These Approved Documents deal with the conservation of fuel and power so changes could affect the way buildings are designed, as there will be a need to examine alternative energy sources, better insulation and different heating systems. This would affect development feasibility calculations as construction costs could rise and some buildings that have been designed may not be able to be built as previously planned.
590 _aIKA290405
650 _aBUILDING REGULATIONS 2000 APPROVED DOCUMENT L1 (2002 EDITION)
650 _aBUILDING REGULATIONS 2000 APPROVED DOCUMENT L2 (2002 EDITION)
690 _aBuilding regulations
_96224
942 _n0
999 _c75116
_d75116